Sitefinder (Record no. 120105)

MARC details
000 -LEADER
fixed length control field 00737cam a2200205 4500
001 - CONTROL NUMBER
control field WS118840
008 - FIXED-LENGTH DATA ELEMENTS--GENERAL INFORMATION
fixed length control field 020715n 000 0 eng u
035 ## - SYSTEM CONTROL NUMBER
System control number (Sirsi) u118840
110 ## - MAIN ENTRY--CORPORATE NAME
Corporate name or jurisdiction name as entry element Radiocommunications Agency
9 (RLIN) 4284
245 ## - TITLE STATEMENT
Title Sitefinder
520 ## - SUMMARY, ETC.
Summary, etc. Website for this mobile phone base station database, a national database of base stations and their emissions, searchable by postcode or map.
650 ## - SUBJECT ADDED ENTRY--TOPICAL TERM
Topical term or geographic name entry element GOVERNMENT
650 ## - SUBJECT ADDED ENTRY--TOPICAL TERM
Topical term or geographic name entry element MOBILE PHONES
650 ## - SUBJECT ADDED ENTRY--TOPICAL TERM
Topical term or geographic name entry element MOBILE PHONE BASE STATIONS
650 ## - SUBJECT ADDED ENTRY--TOPICAL TERM
Topical term or geographic name entry element EMMISSIONS
650 ## - SUBJECT ADDED ENTRY--TOPICAL TERM
Topical term or geographic name entry element TELECOMMUNICATIONS
690 ## - LOCAL SUBJECT ADDED ENTRY--TOPICAL TERM (OCLC, RLIN)
Topical term or geographic name as entry element TRANSPORT AND COMMUNICATIONS
856 40 - ELECTRONIC LOCATION AND ACCESS
Uniform Resource Identifier <a href="https://www.sitefinder.radio.gov.uk">https://www.sitefinder.radio.gov.uk</a>
Public note View the website free of charge at www.sitefinder.radio.gov.uk...
942 ## - ADDED ENTRY ELEMENTS (KOHA)
Suppress in OPAC 0
Holdings
Withdrawn status Lost status Source of classification or shelving scheme Damaged status Not for loan Home library Current library Shelving location Date acquired Total Checkouts Full call number Barcode Date last seen Copy number Price effective from Koha item type
    Dewey Decimal Classification     Virtual Virtual Online 15/07/2002   WEB SITE 118840-2001 06/08/2019 1 06/08/2019 Online material